Instruments for Selection Decision Procedure for the Producing of Hybrid Value-added Processes
Charakteristika služieb súvisiacich s produktom. Základný koncept procedúr výberového rozhodovania. Vlastnosti outsourcingu, insourcingu a kooperácie. Prístupy a nástroje v procesoch selekčného rozhodovania (nákladový, transakčne nákladový, zdrojový).
Uložené v:
| Hlavný autor: | |
|---|---|
| Médium: | Kapitola |
| Jazyk: | English |
| Predmet: | |
| Tagy: |
Žiadne tagy, Buďte prvý, kto otaguje tento záznam!
|
MARC
| LEADER | 00000nla a2200000 4500 | ||
|---|---|---|---|
| 001 | 0201821 | ||
| 005 | 20240502073412.1 | ||
| 041 | 0 | |a eng | |
| 044 | |a SK | ||
| 245 | 1 | 0 | |a Instruments for Selection Decision Procedure for the Producing of Hybrid Value-added Processes |c Simon Schmidt |
| 520 | |a Charakteristika služieb súvisiacich s produktom. Základný koncept procedúr výberového rozhodovania. Vlastnosti outsourcingu, insourcingu a kooperácie. Prístupy a nástroje v procesoch selekčného rozhodovania (nákladový, transakčne nákladový, zdrojový). | ||
| 610 | 2 | 0 | |a rozhodovanie |
| 610 | 2 | 0 | |a služby |
| 610 | 2 | 0 | |a hodnota pridaná |
| 610 | 2 | 0 | |a analýzy |
| 100 | 1 | |a Schmidt, Simon | |